[Event "IRQ-ch"]
[Site "Baghdad"]
[Date "2021.10.31"]
[Round "6"]
[White "Ismael Namir, Mohammed Ismael"]
[Black "Mohammed, Zozek Salah Mohamme"]
[Result "0-1"]
[WhiteElo "2090"]
[BlackElo "2247"]
[PlyCount "52"]
[EventDate "2021.10.28"]
[EventType "tourn"]
[EventRounds "9"]
[EventCountry "IRQ"]
[SourceTitle "EXT 2023"]
[Source "ChessBase"]
[SourceDate "2022.10.05"]
[SourceVersion "1"]
[SourceVersionDate "2022.10.05"]
[SourceQuality "1"]

1. d4 d5 2. Nf3 Nf6 3. c4 e6 4. g3 Be7 5. Bg2 0-0 6. 0-0 dxc4 7. Nbd2 b5 8. a4 c6 9. e4 Bb7 10. e5 Nd5 11. Ne4 h6 12. h4 Nd7 13. h5 a6 14. g4 f6 15. exf6 N7xf6 16. Ne5 Nxe4 17. Bxe4 c5 18. Ng6 Nc3 19. bxc3 Bxe4 20. Nxf8 Bxf8 21. Qe2 Bd5 22. axb5 axb5 23. Rxa8 Qxa8 24. dxc5 Bxc5 25. Bf4 Bh1 26. Qxe6+ Kh8 0-1

[Event "IRQ-ch"]
[Site "Baghdad"]
[Date "2021.10.30"]
[Round "4"]
[White "Ismael Namir, Mohammed Ismael"]
[Black "Al Ali, Hussein Ali Hussein"]
[Result "1/2-1/2"]
[WhiteElo "2090"]
[BlackElo "2277"]
[PlyCount "111"]
[EventDate "2021.10.28"]
[EventType "tourn"]
[EventRounds "9"]
[EventCountry "IRQ"]
[SourceTitle "EXT 2023"]
[Source "ChessBase"]
[SourceDate "2022.10.05"]
[SourceVersion "1"]
[SourceVersionDate "2022.10.05"]
[SourceQuality "1"]

1. Nf3 Nf6 2. g3 g6 3. b3 Bg7 4. Bb2 0-0 5. Bg2 c5 6. c4 Nc6 7. 0-0 d6 8. d4 cxd4 9. Nxd4 Bd7 10. Nc3 Rc8 11. Qd2 a6 12. Rad1 Qc7 13. e4 Bg4 14. Rc1 Qa5 15. h3 Bd7 16. Rcd1 Nxd4 17. Qxd4 Bc6 18. Qd2 Rfe8 19. Rfe1 Nd7 20. a3 Qb6 21. b4 Ne5 22. Qe2 Qa7 23. Rc1 Bd7 24. Nd5 b5 25. cxb5 Bxb5 26. Rxc8 Rxc8 27. Qe3 Qxe3 28. Rxe3 Kf8 29. a4 Be8 30. Bf1 Rc2 31. Bxe5 Bxe5 32. Bxa6 e6 33. Nf4 Bxa4 34. Ra3 Bc6 35. Bd3 Rc1+ 36. Kg2 g5 37. Ne2 Ra1 38. Rxa1 Bxa1 39. f4 h6 40. Kf2 gxf4 41. gxf4 Bf6 42. Ke3 Bd8 43. Kd4 Bb6+ 44. Kc4 Ke7 45. b5 Bb7 46. Nd4 Kd7 47. f5 Bxd4 48. fxe6+ fxe6 49. Kxd4 e5+ 50. Kc4 Kc7 51. h4 Kb6 52. Kb4 Bc8 53. Bc4 Bd7 54. Bd5 Bg4 55. Bc6 Be6 56. Be8 1/2-1/2

[Event "Online Olym Div2 B"]
[Site "Chess.com INT"]
[Date "2021.09.02"]
[Round "3.2"]
[White "Ismael Namir, Mohammed Ismael"]
[Black "Schitco, Ivan"]
[Result "0-1"]
[WhiteElo "2122"]
[BlackElo "2473"]
[PlyCount "76"]
[EventDate "2021.09.02"]
[EventType "team (rapid)"]
[EventRounds "9"]
[EventCountry "USA"]
[SourceTitle "CBM 204 Extra"]
[Source "ChessBase"]
[SourceDate "2021.11.30"]
[SourceVersion "1"]
[SourceVersionDate "2021.11.30"]
[SourceQuality "1"]
[WhiteTeam "Iraq"]
[BlackTeam "Moldova"]
[WhiteTeamCountry "IRQ"]
[BlackTeamCountry "MDA"]

1. d4 Nf6 2. Bf4 g6 3. e3 Bg7 4. Nf3 c5 5. c3 Qb6 6. Qb3 d6 7. h3 Be6 8. Qxb6 axb6 9. a3 Nc6 10. Nbd2 cxd4 11. exd4 Nd5 12. Bh2 Nc7 13. Bd3 b5 14. 0-0 h6 15. Rfe1 Kd7 16. Nf1 Na5 17. Ne3 Nc4 18. Re2 f5 19. Rae1 Bf6 20. Nd1 Bd5 21. Nd2 e6 22. Nf1 Bg5 23. f4 Bh4 24. Bg3 Bf6 25. Nfe3 Nxe3 26. Nxe3 Bb3 27. Bc2 Bxc2 28. Rxc2 g5 29. Rd2 Rae8 30. Kf2 h5 31. Rdd1 h4 32. Bh2 Rhg8 33. fxg5 Bxg5 34. Re2 Rg6 35. Nc2 Nd5 36. Nb4 Nf6 37. Kf1 Reg8 38. Rde1 Ne4 0-1

[Event "Online Olym Div3 B"]
[Site "Chess.com INT"]
[Date "2021.08.27"]
[Round "3.3"]
[White "Ismael Namir, Mohammed Ismael"]
[Black "Mirulla, David"]
[Result "1-0"]
[WhiteElo "2122"]
[BlackElo "1956"]
[PlyCount "121"]
[EventDate "2021.08.27"]
[EventType "team-tourn (rapid)"]
[EventRounds "9"]
[EventCountry "USA"]
[SourceTitle "CBM 204 Extra"]
[Source "ChessBase"]
[SourceDate "2021.11.30"]
[SourceVersion "1"]
[SourceVersionDate "2021.11.30"]
[SourceQuality "1"]
[WhiteTeam "Iraq"]
[BlackTeam "Kap Verde"]
[WhiteTeamCountry "IRQ"]
[BlackTeamCountry "KAP"]

1. d4 Nf6 2. Nf3 g6 3. g3 Bg7 4. Bg2 0-0 5. b3 d6 6. Bb2 c6 7. 0-0 Qc7 8. c4 Nbd7 9. Nc3 e5 10. e3 Re8 11. Rc1 Nf8 12. dxe5 dxe5 13. Qe2 Bg4 14. h3 Bxf3 15. Bxf3 e4 16. Bg2 Rad8 17. Rfd1 Qe7 18. Rxd8 Rxd8 19. Rd1 Rxd1+ 20. Qxd1 N8d7 21. Qc2 Nc5 22. Ba3 Qe5 23. Bxc5 Qxc5 24. Nxe4 Qb4 25. Qd2 Qxd2 26. Nxd2 Nd7 27. Kf1 f5 28. Ke2 Kf7 29. f4 Ke6 30. e4 fxe4 31. Nxe4 Ke7 32. h4 Nf6 33. Nc5 b6 34. Nd3 c5 35. Ne5 Kd6 36. Bf3 Nd7 37. Nf7+ Ke7 38. Ng5 h6 39. Ne4 Nf6 40. Nc3 Nh5 41. Nd5+ Ke6 42. Bg4+ Kd6 43. Bxh5 gxh5 44. Kf3 b5 45. Ke4 bxc4 46. bxc4 Ke6 47. f5+ Kd6 48. Nf4 Bf8 49. Nxh5 a5 50. g4 Be7 51. f6 Bf8 52. Kf5 Kd7 53. g5 hxg5 54. hxg5 Ke8 55. g6 Bh6 56. Ke6 Kf8 57. g7+ Bxg7 58. fxg7+ Kg8 59. Kf6 a4 60. Kg6 a3 61. Nf6# 1-0

[Event "IRQ-ch"]
[Site "Baghdad"]
[Date "2018.07.02"]
[Round "8"]
[White "Ismael Namir, Mohammed Ismael"]
[Black "Ahmed, Jaza Jamal"]
[Result "0-1"]
[WhiteElo "2083"]
[BlackElo "2066"]
[PlyCount "76"]
[EventDate "2018.06.27"]
[EventType "swiss"]
[EventRounds "11"]
[EventCountry "IRQ"]
[SourceTitle "EXT 2019"]
[Source "ChessBase"]
[SourceDate "2018.10.10"]
[SourceVersion "1"]
[SourceVersionDate "2018.10.10"]
[SourceQuality "1"]

1. e4 c5 2. Nc3 d6 3. f4 g6 4. Nf3 Bg7 5. Bc4 e6 6. f5 exf5 7. d3 Ne7 8. 0-0 Nbc6 9. Qe1 h6 10. exf5 Bxf5 11. g4 Bxg4 12. Bxf7+ Kxf7 13. Ne5+ Kg8 14. Nxg4 Nd4 15. Qe4 d5 16. Qg2 Ndf5 17. Bf4 Kh7 18. Rae1 Rf8 19. Be5 Qd7 20. Bxg7 Kxg7 21. Ne5 Qd6 22. Nb5 Qb6 23. c4 Rad8 24. Nc3 a6 25. Kh1 d4 26. Na4 Qc7 27. Qe4 b5 28. Rg1 Rd6 29. cxb5 axb5 30. Nxc5 Qxc5 31. Qg2 Nh4 32. Qg4 Qd5+ 33. Re4 Rf5 34. Qxh4 Rxe5 35. Rc1 g5 36. Qg4 Rde6 37. Kg1 Rxe4 38. dxe4 Rxe4 0-1

[Event "IRQ-ch"]
[Site "Baghdad"]
[Date "2018.06.29"]
[Round "4"]
[White "Ismael Namir, Mohammed Ismael"]
[Black "Al Turaihi, Dhari Satea Saeed"]
[Result "1-0"]
[WhiteElo "2083"]
[BlackElo "1853"]
[PlyCount "63"]
[EventDate "2018.06.27"]
[EventType "swiss"]
[EventRounds "11"]
[EventCountry "IRQ"]
[SourceTitle "EXT 2019"]
[Source "ChessBase"]
[SourceDate "2018.10.10"]
[SourceVersion "1"]
[SourceVersionDate "2018.10.10"]
[SourceQuality "1"]

1. e4 c5 2. Nc3 Nc6 3. f4 d6 4. Nf3 g6 5. Bc4 e6 6. f5 Na5 7. Bb5+ Bd7 8. fxe6 fxe6 9. d4 Bxb5 10. Nxb5 a6 11. Nc3 Be7 12. 0-0 Qb6 13. d5 e5 14. Ng5 Bxg5 15. Bxg5 Qc7 16. Qf3 Qg7 17. Qh3 Ne7 18. Bh6 Qg8 19. Rf8+ Qxf8 20. Bxf8 Rxf8 21. Rf1 Nc4 22. Rxf8+ Kxf8 23. b3 Nb6 24. Qxh7 Ke8 25. a4 Rd8 26. a5 Nbc8 27. Qh3 Kf7 28. Nd1 Kg7 29. Ne3 Rf8 30. Qd7 Rf4 31. Nc4 Rxe4 32. Nb6 1-0

[Event "Erbil Khanzad Cup 10th"]
[Site "Erbil"]
[Date "2018.04.20"]
[Round "5"]
[White "Ismael Namir, Mohammed Ismael"]
[Black "Didar, Mohammed Zhaher"]
[Result "1/2-1/2"]
[WhiteElo "2080"]
[BlackElo "2185"]
[PlyCount "100"]
[EventDate "2018.04.18"]
[EventType "swiss"]
[EventRounds "9"]
[EventCountry "IRQ"]
[SourceTitle "CBM 184 Extra"]
[Source "ChessBase"]
[SourceDate "2018.06.28"]
[SourceVersion "1"]
[SourceVersionDate "2018.06.28"]
[SourceQuality "1"]

1. Nf3 b6 2. d4 Nf6 3. e3 e6 4. Bd3 Bb7 5. 0-0 c5 6. c4 d6 7. Nc3 Nbd7 8. b3 Be7 9. Bb2 0-0 10. d5 exd5 11. cxd5 Nxd5 12. Nxd5 Bxd5 13. Bxh7+ Kxh7 14. Qxd5 Bf6 15. Rab1 Bxb2 16. Rxb2 Nf6 17. Qf5+ g6 18. Qf4 d5 19. Rd2 Qe7 20. Rfd1 Rad8 21. h3 Kg7 22. Qe5 Qxe5 23. Nxe5 Rd6 24. Ng4 Nxg4 25. hxg4 Rfd8 26. Kf1 b5 27. Ke2 Kf6 28. f4 Ke6 29. g5 c4 30. Rd4 a5 31. e4 c3 32. a3 dxe4 33. Rxe4+ Kf5 34. Rxd6 Rxd6 35. Re5+ Kxf4 36. Rxb5 Rd2+ 37. Ke1 Rxg2 38. Kd1 a4 39. bxa4 Ke4 40. a5 Kd3 41. Rd5+ Kc4 42. a6 Rg1+ 43. Kc2 Ra1 44. Ra5 Ra2+ 45. Kd1 Kd3 46. Rd5+ Kc4 47. Ra5 Kd3 48. Rd5+ Kc4 49. Ra5 Kd3 50. Rd5+ Kc4 1/2-1/2

[Event "Baghdad op 6th"]
[Site "Baghdad"]
[Date "2018.03.17"]
[Round "7"]
[White "Taslimi, Borsa"]
[Black "Ismael Namir, Mohammed Ismael"]
[Result "1/2-1/2"]
[WhiteElo "1837"]
[BlackElo "2088"]
[PlyCount "78"]
[EventDate "2018.03.14"]
[EventType "swiss"]
[EventRounds "9"]
[EventCountry "IRQ"]
[SourceTitle "CBM 183 Extra"]
[Source "ChessBase"]
[SourceDate "2018.04.19"]
[SourceVersion "1"]
[SourceVersionDate "2018.04.19"]
[SourceQuality "1"]

1. e4 c5 2. Nf3 Nc6 3. Bb5 g6 4. Bxc6 dxc6 5. h3 Bg7 6. d3 Nf6 7. Nc3 Nd7 8. 0-0 e5 9. Be3 Qe7 10. a4 a5 11. Nd2 Nf8 12. Nc4 Ne6 13. Ne2 0-0 14. Qd2 Qc7 15. f4 exf4 16. Nxf4 Nd4 17. Ra3 b6 18. c3 Ne6 19. Rb3 Ra6 20. Qf2 Qd8 21. Qg3 Bd7 22. Nxe6 Bxe6 23. Bf4 Bxc4 24. dxc4 Qd7 25. Bd6 Re8 26. e5 Qe6 27. Qf4 h5 28. Kh1 Ra7 29. Rxb6 Bxe5 30. Bxe5 Qxe5 31. Qxe5 Rxe5 32. Rxc6 Re2 33. Rb1 Rd7 34. Rxc5 Rdd2 35. Rg5 Kg7 36. b4 f6 37. Rd5 Rc2 38. Rg1 axb4 39. cxb4 Rxc4 1/2-1/2

[Event "Baghdad op 6th"]
[Site "Baghdad"]
[Date "2018.03.15"]
[Round "2"]
[White "Ismael Namir, Mohammed Ismael"]
[Black "Sadek, Sameh"]
[Result "1/2-1/2"]
[WhiteElo "2088"]
[BlackElo "2263"]
[PlyCount "65"]
[EventDate "2018.03.14"]
[EventType "swiss"]
[EventRounds "9"]
[EventCountry "IRQ"]
[SourceTitle "CBM 183 Extra"]
[Source "ChessBase"]
[SourceDate "2018.04.19"]
[SourceVersion "1"]
[SourceVersionDate "2018.04.19"]
[SourceQuality "1"]

1. d4 d5 2. Nf3 Nf6 3. c4 c6 4. Nbd2 Bf5 5. Nh4 Bg6 6. Qb3 Qc7 7. g3 e6 8. Bg2 Nbd7 9. 0-0 Be7 10. Nxg6 hxg6 11. Nf3 0-0 12. Bf4 Qb6 13. c5 Qxb3 14. axb3 a6 15. b4 Ne4 16. Ne5 Nxe5 17. dxe5 Ng5 18. h4 Nh7 19. Be3 f6 20. f4 Kf7 21. Bd4 Rfd8 22. Ra4 Nf8 23. Bf3 Nd7 24. Kg2 Rac8 25. e3 Rf8 26. Be2 Bd8 27. Bd3 Bc7 28. Raa1 Ra8 29. b3 fxe5 30. fxe5+ Kg8 31. Bxg6 Rxf1 32. Rxf1 Rf8 33. Rf4 1/2-1/2

[Event "IRQ-chT 29th"]
[Site "Baghdad"]
[Date "2017.03.24"]
[Round "10"]
[White "Hussein, Ali Hadi"]
[Black "Ismael Namir, Mohammed Ismael"]
[Result "1-0"]
[WhiteElo "2239"]
[BlackElo "2179"]
[PlyCount "87"]
[EventDate "2017.03.09"]
[EventType "team-match"]
[EventRounds "11"]
[EventCountry "IRQ"]
[SourceTitle "CBM 177 Extra"]
[Source "ChessBase"]
[SourceDate "2017.04.27"]
[SourceVersion "1"]
[SourceVersionDate "2017.04.27"]
[SourceQuality "1"]
[WhiteTeam "Khanzad"]
[BlackTeam "Al Kahraba"]
[WhiteTeamCountry "IRQ"]
[BlackTeamCountry "IRQ"]

1. e4 c5 2. Nf3 Nc6 3. Nc3 d6 4. Bc4 e6 5. d4 cxd4 6. Nxd4 Bd7 7. Be3 Nf6 8. Qe2 a6 9. Bb3 Be7 10. 0-0-0 Qc7 11. g4 h6 12. Rhg1 Na5 13. h4 Nxb3+ 14. axb3 Bc6 15. f3 Nd7 16. g5 hxg5 17. hxg5 g6 18. f4 0-0-0 19. f5 exf5 20. exf5 gxf5 21. Nxc6 bxc6 22. Qxa6+ Qb7 23. Qf1 Ne5 24. Qxf5+ Qd7 25. Qe4 Rh3 26. Na4 Qe6 27. Bf4 Rh4 28. Qe3 Rdh8 29. Bxe5 Qxe5 30. Qa7 Bxg5+ 31. Kb1 Be3 32. Nb6+ Bxb6 33. Qxb6 Qc5 34. Qa6+ Kb8 35. Rgf1 Rh2 36. Qd3 R8h6 37. Rxf7 Rh1 38. Rdf1 R6h3 39. Qe4 Rxf1+ 40. Rxf1 Re3 41. Rf8+ Kb7 42. Qh7+ Ka6 43. Ra8+ Kb5 44. c4+ 1-0

[Event "Baghdad op 5th"]
[Site "Baghdad"]
[Date "2017.03.19"]
[Round "7"]
[White "Kaouri, Mahdi"]
[Black "Ismael Namir, Mohammed Ismael"]
[Result "0-1"]
[WhiteElo "2097"]
[BlackElo "2179"]
[PlyCount "44"]
[EventDate "2017.03.16"]
[EventType "swiss"]
[EventRounds "9"]
[EventCountry "IRQ"]
[SourceTitle "CBM 177 Extra"]
[Source "ChessBase"]
[SourceDate "2017.04.27"]
[SourceVersion "1"]
[SourceVersionDate "2017.04.27"]
[SourceQuality "1"]

1. c4 e5 2. Nc3 Nc6 3. g3 Nf6 4. Bg2 Bc5 5. e3 d5 6. Nxd5 Nxd5 7. cxd5 Nb4 8. Qb3 c6 9. dxc6 bxc6 10. a3 Nd3+ 11. Ke2 Bg4+ 12. f3 Bf5 13. e4 Qd4 14. Nh3 Bxh3 15. Bxh3 Rd8 16. Qc3 Qf2+ 17. Kd1 Qxf3+ 18. Kc2 Qxh1 19. b4 Qxe4 20. bxc5 Nf2+ 21. d3 Rxd3 22. Qb4 Rd4+ 0-1

[Event "Baghdad op 5th"]
[Site "Baghdad"]
[Date "2017.03.18"]
[Round "5"]
[White "Novikova, Margarita"]
[Black "Ismael Namir, Mohammed Ismael"]
[Result "0-1"]
[WhiteElo "2055"]
[BlackElo "2179"]
[PlyCount "89"]
[EventDate "2017.03.16"]
[EventType "swiss"]
[EventRounds "9"]
[EventCountry "IRQ"]
[SourceTitle "CBM 177 Extra"]
[Source "ChessBase"]
[SourceDate "2017.04.27"]
[SourceVersion "1"]
[SourceVersionDate "2017.04.27"]
[SourceQuality "1"]

1. e4 c5 2. Nf3 Nc6 3. d4 cxd4 4. Nxd4 e5 5. Nb5 d6 6. N1c3 a6 7. Na3 b5 8. Nd5 Nf6 9. Bg5 Be7 10. Bxf6 Bxf6 11. c3 0-0 12. h4 Ne7 13. Nxf6+ gxf6 14. Qf3 f5 15. exf5 Bxf5 16. Bd3 Be6 17. Qh5 f5 18. Qh6 Qd7 19. Rh3 Rf7 20. Rg3+ Kh8 21. Nc2 Ng8 22. Qd2 Nf6 23. Rh3 Rg8 24. Bf1 f4 25. Rd3 Ne4 26. Qe2 Nc5 27. Rd2 Bc4 28. Qf3 e4 29. Qh5 Rf5 30. Qd1 Nd3+ 31. Bxd3 exd3 32. Rxd3 Re5+ 33. Kf1 Qg4 34. Ne1 Bxd3+ 35. Qxd3 Qxh4 36. Kg1 Rh5 37. Qd4+ Rg7 38. Kf1 Qh1+ 39. Ke2 Re5+ 40. Kd2 Qf1 41. c4 Re2+ 42. Kc3 Rxe1 43. Rxe1 Qxe1+ 44. Kb3 Qe6 45. Qd1 0-1

[Event "Tehran Paytakht Cup 1st"]
[Site "Tehran"]
[Date "2016.10.31"]
[Round "8"]
[White "Khamisi, S Jafar"]
[Black "Ismael Namir, Mohammed Ismael"]
[Result "1-0"]
[WhiteElo "2226"]
[BlackElo "2175"]
[PlyCount "104"]
[EventDate "2016.10.25"]
[EventType "swiss"]
[EventRounds "9"]
[EventCountry "IRI"]
[SourceTitle "EXT 2018"]
[Source "ChessBase"]
[SourceDate "2017.10.13"]
[SourceVersion "1"]
[SourceVersionDate "2017.10.13"]
[SourceQuality "1"]

1. e4 c5 2. Nf3 Nc6 3. Bb5 g6 4. Bxc6 dxc6 5. d3 Bg7 6. h3 Nf6 7. Nc3 Nd7 8. Be3 e5 9. Qd2 Qe7 10. Bh6 Bxh6 11. Qxh6 f6 12. Nd2 Nf8 13. f4 exf4 14. Qxf4 Ne6 15. Qf2 Nd4 16. 0-0-0 Be6 17. Rhf1 Rf8 18. Qh4 g5 19. Qg3 0-0-0 20. Rf2 Rf7 21. Rdf1 Rdf8 22. Nd1 Qc7 23. Qxc7+ Kxc7 24. Ne3 h5 25. b3 Kd8 26. a4 b6 27. Kb2 Bc8 28. Ndc4 Ke7 29. c3 b5 30. Na5 Ne6 31. Nxc6+ Kd6 32. axb5 Nf4 33. Kc2 a6 34. Nc4+ Kc7 35. Na7 Bd7 36. b6+ Kb8 37. Ra1 Bb5 38. Nxb5 axb5 39. Nd6 Rd7 40. Nxb5 Nxd3 41. Rf5 Ne5 42. Nc7 Kb7 43. Nd5 Kc6 44. Nxf6 Rd6 45. Nxh5 Rxf5 46. exf5 Kxb6 47. Re1 Nc6 48. f6 Rd7 49. Re6 Kc7 50. Ng3 Nd8 51. Re7 Kd6 52. Ne4+ Kd5 1-0

[Event "Olympiad-42"]
[Site "Baku"]
[Date "2016.09.11"]
[Round "9.1"]
[White "Ismael Namir, Mohammed Ismael"]
[Black "Rayes, Abdul Kader"]
[Result "1-0"]
[WhiteElo "2161"]
[BlackElo "2254"]
[PlyCount "145"]
[EventDate "2016.09.02"]
[EventType "team-swiss"]
[EventRounds "11"]
[EventCountry "AZE"]
[SourceTitle "CBM 175"]
[Source "ChessBase"]
[SourceDate "2016.11.10"]
[SourceVersion "1"]
[SourceVersionDate "2016.11.10"]
[SourceQuality "1"]
[WhiteTeam "Iraq"]
[BlackTeam "Syria"]
[WhiteTeamCountry "IRQ"]
[BlackTeamCountry "SYR"]

1. d4 Nf6 2. Nf3 e6 3. g3 d5 4. Bg2 Nbd7 5. 0-0 b5 6. c3 c5 7. Bf4 Qb6 8. Nbd2 Bb7 9. a4 cxd4 10. a5 Qa6 11. cxd4 Be7 12. Ne1 b4 13. Nd3 Qb5 14. Qb3 Bc6 15. Rfc1 0-0 16. Bf1 Ne4 17. f3 Nef6 18. e4 Qb7 19. e5 Ne8 20. Rc2 Bb5 21. Rac1 Rb8 22. Ne1 Bxf1 23. Nxf1 Qb5 24. Ra1 Rb7 25. Qd3 f6 26. Qxb5 Rxb5 27. Rc6 fxe5 28. dxe5 Nc5 29. Be3 Nb3 30. Rd1 Rxa5 31. Rxe6 Bd8 32. f4 d4 33. Bf2 Bb6 34. Nf3 Rd5 35. Rc6 Nc7 36. N1d2 Na5 37. Rcc1 Nb5 38. Nc4 Nxc4 39. Rxc4 a5 40. Rc6 Bc5 41. Ra6 Rb8 42. Rxa5 b3 43. Nd2 Bb4 44. Raa1 Bxd2 45. Rxd2 Rc8 46. Rd3 Rc2 47. Rxb3 d3 48. Rd1 d2 49. Kf1 Rc4 50. Be3 Rc2 51. Ke2 g6 52. Rd3 Rxb2 53. Rxd5 Nc3+ 54. Kf3 Nxd5 55. Rxd2 Rb5 56. g4 Kf7 57. Ke4 Nc3+ 58. Kd4 Nb1 59. Rc2 Rb4+ 60. Rc4 Rb7 61. f5 Na3 62. Rc6 Rb4+ 63. Kd5 Rxg4 64. e6+ Kf6 65. Bc5 gxf5 66. e7+ Kf7 67. Rf6+ Kxf6 68. e8Q Nc2 69. Be7+ Kg7 70. Qf8+ Kg6 71. Qf6+ Kh5 72. Qxf5+ Kh6 73. Bf8+ 1-0

[Event "Olympiad-42"]
[Site "Baku"]
[Date "2016.09.05"]
[Round "4.1"]
[White "Ismael Namir, Mohammed Ismael"]
[Black "Ftacnik, Lubomir"]
[Result "0-1"]
[WhiteElo "2161"]
[BlackElo "2548"]
[PlyCount "58"]
[EventDate "2016.09.02"]
[EventType "team-swiss"]
[EventRounds "11"]
[EventCountry "AZE"]
[SourceTitle "CBM 175"]
[Source "ChessBase"]
[SourceDate "2016.11.10"]
[SourceVersion "1"]
[SourceVersionDate "2016.11.10"]
[SourceQuality "1"]
[WhiteTeam "Iraq"]
[BlackTeam "Slovakia"]
[WhiteTeamCountry "IRQ"]
[BlackTeamCountry "SVK"]

1. d4 Nf6 2. Nf3 c5 3. e3 g6 4. dxc5 Qa5+ 5. Nbd2 Bg7 6. a3 Qxc5 7. b4 Qc7 8. Bb2 0-0 9. c4 b6 10. Be2 Bb7 11. Rc1 d6 12. 0-0 Nbd7 13. h3 Rac8 14. Nd4 a6 15. Bf3 e5 16. Bxb7 Qxb7 17. Ne2 b5 18. Qb3 Nb6 19. Rfd1 Rfd8 20. cxb5 axb5 21. Rxc8 Rxc8 22. Rc1 Rxc1+ 23. Nxc1 Ne4 24. Qc2 Nxd2 25. Qxd2 Nc4 26. Qc2 Qa8 27. Qb3 Qe4 28. Nd3 Nxb2 29. Nxb2 Qb1+ 0-1

[Event "Asia Cup"]
[Site "Abu Dhabi"]
[Date "2016.04.02"]
[Round "6.2"]
[White "Ismael Namir, Mohammed Ismael"]
[Black "Priyankara, Chamil Y"]
[Result "0-1"]
[WhiteElo "2169"]
[BlackElo "2016"]
[PlyCount "136"]
[EventDate "2016.03.28"]
[EventType "team-swiss"]
[EventRounds "9"]
[EventCountry "UAE"]
[SourceTitle "CBM 171 Extra"]
[Source "ChessBase"]
[SourceDate "2016.04.26"]
[SourceVersion "1"]
[SourceVersionDate "2016.04.26"]
[SourceQuality "1"]
[WhiteTeam "Iraq"]
[BlackTeam "Sri Lanka"]
[WhiteTeamCountry "IRQ"]
[BlackTeamCountry "SRI"]

1. d4 Nf6 2. c4 g6 3. Nf3 Bg7 4. g3 0-0 5. Bg2 d6 6. 0-0 c6 7. b3 a6 8. Bb2 b5 9. Nbd2 bxc4 10. bxc4 Qc7 11. e4 Nbd7 12. Qc2 Rb8 13. Rab1 c5 14. d5 Nb6 15. Bc3 Bg4 16. h3 Bxf3 17. Nxf3 Nbd7 18. Rb3 Rxb3 19. axb3 Rb8 20. Ra1 Qb7 21. Ra3 Ne8 22. Bxg7 Kxg7 23. Nd2 Nc7 24. f4 f6 25. h4 Qb6 26. Bh3 Nf8 27. Qd3 e5 28. Ra1 a5 29. Rf1 Na6 30. fxe5 dxe5 31. g4 h6 32. g5 hxg5 33. hxg5 Nh7 34. gxf6+ Nxf6 35. Qg3 Qd6 36. Rf5 Rh8 37. Rg5 Nh5 38. Qxe5+ Qxe5 39. Rxe5 Nf4 40. Bf1 Kf6 41. Nf3 Rb8 42. Rg5 Rxb3 43. e5+ Kg7 44. Nd2 Rb2 45. Rg4 Ne2+ 46. Bxe2 Rxd2 47. Kf2 a4 48. Rg3 Nb4 49. Ke1 Rd4 50. Bd1 Nd3+ 51. Kf1 a3 52. Bb3 Nxe5 53. Ke2 Nxc4 54. Bxc4 Rxc4 55. Rxa3 Rd4 56. Ra7+ Kf6 57. Rd7 Ke5 58. Rg7 Kxd5 59. Rxg6 Kc4 60. Ra6 Kb3 61. Ra7 c4 62. Ra8 c3 63. Ra7 Kb2 64. Ra6 c2 65. Rb6+ Kc1 66. Rh6 Rd8 67. Rh7 Rb8 68. Kd3 Kb1 0-1

[Event "Asia Cup"]
[Site "Abu Dhabi"]
[Date "2016.04.01"]
[Round "5.2"]
[White "Mohammad, Minhaz Uddin"]
[Black "Ismael Namir, Mohammed Ismael"]
[Result "1-0"]
[WhiteElo "2436"]
[BlackElo "2169"]
[PlyCount "178"]
[EventDate "2016.03.28"]
[EventType "team-swiss"]
[EventRounds "9"]
[EventCountry "UAE"]
[SourceTitle "CBM 171 Extra"]
[Source "ChessBase"]
[SourceDate "2016.04.26"]
[SourceVersion "1"]
[SourceVersionDate "2016.04.26"]
[SourceQuality "1"]
[WhiteTeam "Bangladesh"]
[BlackTeam "Iraq"]
[WhiteTeamCountry "BAN"]
[BlackTeamCountry "IRQ"]

1. e4 c5 2. Nf3 Nc6 3. Bb5 g6 4. 0-0 Bg7 5. Bxc6 dxc6 6. h3 Nf6 7. d3 0-0 8. Nc3 e5 9. Nxe5 Nxe4 10. Nxe4 Bxe5 11. Nxc5 b6 12. Nb3 c5 13. Re1 Qd5 14. c4 Qd6 15. Bh6 Re8 16. Bf4 Bb7 17. Rxe5 Rxe5 18. Bxe5 Qxe5 19. Qd2 Re8 20. Rd1 Qh5 21. Nc1 Re5 22. Kh2 Qf5 23. f4 Re8 24. Ne2 Qe6 25. Ng3 h5 26. Qf2 h4 27. Nf1 Qe2 28. Qxe2 Rxe2 29. Rd2 Re1 30. Kg1 Ra1 31. a3 Rb1 32. Kf2 Kf8 33. Nh2 Ke7 34. Ng4 f5 35. Re2+ Kf7 36. Ne5+ Kg7 37. b4 cxb4 38. axb4 Rxb4 39. d4 b5 40. Nd3 Rxc4 41. Re7+ Kf6 42. Rxb7 Rxd4 43. Ke3 Re4+ 44. Kf3 Rd4 45. Ne5 g5 46. Nd7+ Ke7 47. Nb8+ Kf6 48. fxg5+ Kxg5 49. Rxb5 Rd3+ 50. Kf2 Rd2+ 51. Kg1 Rd1+ 52. Kh2 Rd6 53. Ra5 Rb6 54. Nd7 Rb7 55. Ne5 Rc7 56. Nf3+ Kf4 57. Nxh4 Rf7 58. Nxf5 Rxf5 59. Rxa7 Rb5 60. Ra4+ Kg5 61. h4+ Kh5 62. Kh3 Rb3+ 63. g3 Rc3 64. Ra5+ Kh6 65. Rd5 Rb3 66. Re5 Rc3 67. Kg4 Rc4+ 68. Kf3 Rc3+ 69. Kf4 Rc4+ 70. Re4 Rc1 71. Re6+ Kh7 72. g4 Rf1+ 73. Kg5 Rf7 74. h5 Ra7 75. Kf6 Kh6 76. Kf5+ Kh7 77. g5 Ra5+ 78. Kf6 Ra8 79. Re7+ Kh8 80. g6 Rf8+ 81. Kg5 Ra8 82. h6 Ra5+ 83. Kf6 Ra8 84. Ke6 Rb8 85. Kd7 Rb7+ 86. Kd8 Rb8+ 87. Kc7 Ra8 88. Kb7 Rd8 89. Rc7 Kg8 1-0

[Event "Mashhad Ferdowsi op 6th"]
[Site "Mashhad"]
[Date "2016.02.01"]
[Round "4"]
[White "Zubarev, Alexander2222"]
[Black "Ismael Namir, Mohammed Ismael"]
[Result "1-0"]
[WhiteElo "2553"]
[BlackElo "2254"]
[PlyCount "85"]
[EventDate "2016.01.29"]
[EventType "swiss"]
[EventRounds "9"]
[EventCountry "IRI"]
[SourceTitle "CBM 170 Extra"]
[Source "ChessBase"]
[SourceDate "2016.02.25"]
[SourceVersion "1"]
[SourceVersionDate "2016.02.25"]
[SourceQuality "1"]

1. c4 e5 2. g3 Nc6 3. Bg2 Nf6 4. Nc3 Bc5 5. e3 d5 6. cxd5 Nb4 7. Nf3 Nd3+ 8. Ke2 Nxd5 9. Qa4+ c6 10. Nxd5 Qxd5 11. Ne1 Nxc1+ 12. Rxc1 Qd6 13. Nd3 Bb6 14. Rxc6 bxc6 15. Qxc6+ Ke7 16. Qxd6+ Kxd6 17. Bxa8 f5 18. e4 Ba6 19. Bd5 Rc8 20. f3 fxe4 21. Bxe4 Rc2 22. Rb1 Bd4 23. Kd1 Bxd3 24. Bxd3 Rxb2 25. Rxb2 Bxb2 26. Bxh7 Ke7 27. Ke2 Bd4 28. h4 Kf6 29. g4 Bb2 30. g5+ Kf7 31. Be4 g6 32. Kf2 Bc1 33. d4 exd4 34. Kg3 Ba3 35. Kg4 Bd6 36. f4 Bc7 37. Bd3 Bd6 38. f5 gxf5+ 39. Kxf5 Bb4 40. h5 Bd2 41. h6 Kg8 42. Kg6 Kh8 43. Kh5 1-0

[Event "Al Ain op 4th"]
[Site "Al Ain"]
[Date "2015.12.28"]
[Round "7"]
[White "Tarini, Goyal"]
[Black "Ismael Namir, Mohammed Ismael"]
[Result "1/2-1/2"]
[WhiteElo "1826"]
[BlackElo "2254"]
[PlyCount "66"]
[EventDate "2015.12.23"]
[EventType "swiss"]
[EventRounds "9"]
[EventCountry "UAE"]
[SourceTitle "CBM 170 Extra"]
[Source "ChessBase"]
[SourceDate "2016.02.25"]
[SourceVersion "1"]
[SourceVersionDate "2016.02.25"]
[SourceQuality "1"]

1. d4 Nf6 2. c4 e6 3. Nc3 d5 4. cxd5 exd5 5. Bg5 Be7 6. e3 c6 7. Bd3 Bg4 8. Qc2 Nbd7 9. Nge2 Bh5 10. Nf4 Bg6 11. Nxg6 hxg6 12. h4 Nf8 13. 0-0-0 Ne6 14. f4 Qd7 15. f5 gxf5 16. Bxf5 0-0-0 17. e4 Nxe4 18. Nxe4 dxe4 19. Bxe7 Qxe7 20. d5 Rxh4 21. Bh3 Qg5+ 22. Kb1 Rxh3 23. gxh3 Rxd5 24. Qxe4 Qf5 25. Qxf5 Rxf5 26. Rdf1 Rxf1+ 27. Rxf1 f6 28. Kc2 Kd7 29. Kd3 Ke7 30. Ke3 g5 31. Ke4 Nc7 32. h4 gxh4 33. Rh1 Nd5 1/2-1/2